| 000 | 00977nam a2200205 a 4500 | ||
|---|---|---|---|
| 001 | 39799 | ||
| 005 | 20180714013448.0 | ||
| 008 | 140415s1999 mx 000 0 spa d | ||
| 020 | _a9688633968 | ||
| 041 | _aspa | ||
| 082 |
_a631.4 _bMAN |
||
| 245 | 0 | 0 | _aMANUAL PARA LA DESCRIPCION DE PERFILES DE SUELOS Y EVALUACION DEL ENTORNO |
| 250 | _a1a ed. | ||
| 260 |
_aMEXICO : _bBENEMERITA UNIVERSIDAD AUTONOMA DE PUEBLA, _c1999 |
||
| 300 |
_a59 _cx 17 x 22.05 |
||
| 490 | _aAPOYO A LA DOCENCIA | ||
| 500 | _aCOLECCIÓN PUEBLA | ||
| 520 | _aESTE LIBRO ESTA DIVIDIDO EN CUATRO SECCIONES, CADA UNA CON OBJETIVOS ESPECIFICOS. CONTIENE UNA PLANILLA DE DESCRIPCION DE PERFILES DE SUELOS Y EVALUACION DEL ENTORNO, LA PRIMERA DESTACA LA INFORMACION GENERAL DEL SITIO, LA SEGUNDA SOBRE LAS CONDICIONES DEL ENTORNO, EN LA TERCERA EL INVENTARIO DE LOS RECURSOS NATURALES, LA CUARTA SE DESTACA CON LA INFORMACION Y DESCRIPCION DEL LUGAR. | ||
| 650 | 1 | 4 |
_aEDAFOLOGIA _xSUELO |
| 999 |
_c39799 _d39799 |
||